Normal view MARC view
  • Ernst-Rüdiger Olderog, Henning Dierks

Entry Personal Name

Number of records used in: 1

001 - CONTROL NUMBER

  • control field: 134159

003 - CONTROL NUMBER IDENTIFIER

  • control field: NUST

005 - DATE AND TIME OF LATEST TRANSACTION

  • control field: 20260415164841.0

008 - FIXED-LENGTH DATA ELEMENTS

  • fixed length control field: 260415|| aca||aabn | a|a d

040 ## - CATALOGING SOURCE

  • Original cataloging agency: NUST
  • Transcribing agency: NUST

100 ## - HEADING--PERSONAL NAME

  • Personal name: Ernst-Rüdiger Olderog, Henning Dierks

670 ## - SOURCE DATA FOUND

  • Source citation: Work cat.: (NUST): Ernst-Rüdiger Olderog, Henning Dierks., Real-Time Systems: Formal Specification and Automatic Verification /, 2008.
© 2023 Central Library, National University of Sciences and Technology. All Rights Reserved.